Chrípka neustupuje

Podrobná bibliografia
Médium: Článok
Jazyk:slovenčina
Predmet:

MARC

LEADER 00000nab a2200000 a 4500
001 vtls001023508
003 SK-MaSNL
005 20260305033214.0
008 040720e19970217xo 0 slo
035 |a SL2086 
040 |a SLLK  |b slo  |c SLLK  |e AACR2 
041 0 |a slo 
044 |a xo  |c SK 
080 |a 614.4  |2 1981 
080 |a 371.235  |2 1981 
245 0 0 |a Chrípka neustupuje 
650 0 7 |a chrípka  |2 SLLK  |9 2491 
650 0 7 |a epidemiológia  |2 SLLK  |9 836 
650 0 7 |a chrípkové prázdniny  |2 SLLK  |9 1044112 
651 7 |a Stará Ľubovňa (Slovensko : okres)  |2 SLLK  |9 19196 
773 0 8 |t Pravda  |g Roč. 7, č. 39 (17.2.1997), s. 2 
852 |a ZVYKNI  |b KIS3GCP 
999 |c 3323313  |d 3325243